00000000nam 2200000za 4500
0019.686857
003CaOODSP
00520250224155645
007cr |||||||||||
008150407|2000||||xxc|||||o    f|0| 0 eng d
040 |aCaOODSP|beng
043 |an-cn---
0861 |aH46-2/00-177E-PDF
1101 |aCanada.|bHealth Canada. |bHealth Protection Branch.
24510|aRadiation protection in dentistry : |h[electronic resource]|brecommended safety procedures for the use of dental X-ray equipment: Safety Code 30 / |cIssued by Environmental Health Directorate.
250 |aRevised
260 |aOttawa - Ontario : |bHealth Canada. |c2000.
300 |a81p.|bfigs., glossary, tables
500 |a"Archived."
500 |aPublication replaced on February 24, 2025 as requested by the publisher.
500 |a"This Code supersedes Safety Code 22, entitled "Radiation protection in dental practice", and is intended to complement the regulations pertaining to X-ray equipment design, construction and performance standards promulgated under the Radiation Emitting Devices Act."--Explanatory notes.
504 |aBibliography.
5203 |aThis Code supersedes Safety Code 22, entitled Radiation protection in dental practice, and is intended to complement the regulations pertaining to X-ray equipment design, construction and performance standards promulgated under the Radiation Emitting Devices Act.--Explanatory notes
590 |a04-07|b2004-02-13
69007|aOral health|2gcpds
69007|aSafety standards|2gcpds
77508|tRadioprotection dans l'exercice de la dentisterie : |w(CaOODSP)9.631320
7760#|tRadiation protection in dentistry : |w(CaOODSP)9.647771
794 |tRadiation protection in dentistry : |w(CaOODSP)9.910340
85640|ahttp://publications.gc.ca|qPDF|s286 KB|uhttps://publications.gc.ca/collections/collection_2025/sc-hc/H46-2-00-177-eng.pdf
986 |a99-EHD-177